00668nam a2200205Ia 4500003000400000008004100004020002300045040000800068100002600076245006100102260003000163300001500193365001200208901002100220902003500241903005800276942001200334952009900346999001700445LDD181029s9999 xx 000 0 und d a826461689cP 25.00 cLDD aChryssides, George D. 2aA Reader in New Religious MovementcGeorge D. Chryssides aNew YorkbContinuumc2006 aviii, 432p bP 25.00 a3611b02-01-2007 a1032b15-01-2007cFdAAKARe33 aDiscount-10bReqst by : Narayan Prasad  2ddccBK 00102ddc4070977071aLDDbLDDl0o200.904 R221p060400r2018-11-01v2161.00w2018-11-01yBK c77072d77072